|
|
|
|
| LEADER |
00000nam0a2200000 4500 |
| 001 |
343748 |
| 005 |
20231102005607.0 |
| 010 |
|
|
|a 9785811444557
|
| 010 |
|
|
|a 978-5-4495-0203-2
|
| 035 |
|
|
|a (RuTPU)RU\TPU\book\374270
|
| 090 |
|
|
|a 343748
|
| 100 |
|
|
|a 20191024d2019 m y0rusy50 ca
|
| 101 |
0 |
|
|a rus
|a eng
|
| 102 |
|
|
|a RU
|
| 105 |
|
|
|a a j 000zy
|
| 200 |
1 |
|
|a Эстамп. Руководство по графическим и печатным техникам
|e учебное пособие
|f Л. Н. Зорин
|
| 205 |
|
|
|a 3-е изд., стер.
|
| 210 |
|
|
|a Санкт-Петербург
|c Лань
|c Планета музыки
|d 2019
|
| 215 |
|
|
|a 100 с.
|c ил.
|e DVD
|
| 225 |
1 |
|
|a Учебники для вузов. Специальная литература
|
| 330 |
|
|
|a Эстамп — художественная печатная графика. Данная книга — краткое руководство по графическим техникам. Автор доступно и понятно объясняет, в чем заключается суть технологического процесса, рекомендует необходимые инструменты, вещества и материалы. Отдельные главы посвящены организации собственной гравюрной, литографской и офортной мастерской. Книга адресована студентам и преподавателям художественных учебных заведений, коллекционерам эстампов и всем тем, кто хочет понять, что же такое графика: за что ее ценят, как ее создают, почему коллекционируют.
|
| 606 |
1 |
|
|a Эстамп
|2 stltpush
|3 (RuTPU)RU\TPU\subj\21424
|9 46422
|
| 610 |
1 |
|
|a графика
|
| 610 |
1 |
|
|a графическое искусство
|
| 610 |
1 |
|
|a печатная графика
|
| 610 |
1 |
|
|a графическое представление
|
| 610 |
1 |
|
|a техника
|
| 610 |
1 |
|
|a литография
|
| 610 |
1 |
|
|a шелкография
|
| 610 |
1 |
|
|a офорт
|
| 610 |
1 |
|
|a бескислотные техники
|
| 610 |
1 |
|
|a мастерские
|
| 610 |
1 |
|
|a оборудование
|
| 610 |
1 |
|
|a травленый штрих
|
| 610 |
1 |
|
|a учебные пособия
|
| 610 |
1 |
|
|a DVD
|
| 675 |
|
|
|a 76(075.8)
|v 4
|
| 700 |
|
1 |
|a Зорин
|b Л. Н.
|g Леонид Николаевич
|
| 801 |
|
1 |
|a RU
|b 63413507
|c 20191024
|
| 801 |
|
2 |
|a RU
|b 63413507
|c 20221212
|g RCR
|
| 942 |
|
|
|c BK
|
| 959 |
|
|
|a 22/20191024
|d 5
|e 890,40
|f УФ:4
|f ЧЗТЛ:1
|